|
|
|
|
| LEADER |
00000ny a22000003n 4500 |
| 005 |
20110523144037.0 |
| 008 |
100324s ag 000 0 spa d |
| 020 |
|
|
|a 9789875072756
|
| 035 |
|
|
|a 2546
|
| 040 |
|
|
|a BUS
|d vLex
|
| 090 |
|
|
|c 175
|d 175
|
| 245 |
0 |
0 |
|a Ecuaciones de los contratos pb︢licos
|h [Recurso electrn̤ico]
|
| 256 |
|
|
|a Servicio en ln̕ea
|
| 260 |
|
|
|a Argentina :
|b Ciudad Argentina,
|c 2008
|
| 300 |
|
|
|a v.
|
| 506 |
1 |
|
|a Contenido solo disponible en los productos indicados
|d vLex Global
|d vLex Global (Academic Edition, excluding Law Schools)
|d vLex Global (U.S. Academic Edition, Law Schools)
|d vLex Global (U.S. Academic Edition, excluding Law Schools)
|d vLex Global (Academic Edition, Law Schools)
|
| 650 |
0 |
4 |
|a Contratos
|x Adjudicacin̤
|
| 740 |
0 |
|
|a vLex Libros (Servicios en ln̕ea)
|
| 856 |
4 |
0 |
|u http://vlex.com/source/2546
|z Acceso restringido
|
| 942 |
|
|
|c BOOK
|
| 999 |
0 |
|
|a Contracts
|b Argentina
|